Media i komunikowanie masowe teorie i analizy prasy, radia, telewizji i Internetu

Saved in:
Bibliographic Details
Main Author: Goban-Klas, Tomasz
Format: Book
Language:Polish
Published: Warszawa Wydawnictwo Naukowe PWN 1999
Subjects:
Tags: Add Tag
No Tags, Be the first to tag this record!

MARC

LEADER 00000nam a2200000 4500
001 c123118
005 20221221082939.3
020 |a 83-01-12707-4 
041 0 |a pol 
044 |a PL 
245 1 0 |a Media i komunikowanie masowe  |b teorie i analizy prasy, radia, telewizji i Internetu  |c Tomasz Goban-Klas 
264 1 |a Warszawa  |b Wydawnictwo Naukowe PWN  |c 1999 
300 |a 336 s. 
610 2 0 |a médiá 
610 2 0 |a analýzy 
610 2 0 |a tlač 
610 2 0 |a rozhlas 
610 2 0 |a televízia 
610 2 0 |a siete počítačové 
100 1 |a Goban-Klas, Tomasz